Estadísticas para Prueba de Rusia

Haz click aquí para tomar la prueba!

Estadísticas generales

  • Esta prueba ha sido tomada 485 veces
  • La puntuación promedio es 18 de 30

Estadísticas de respuestas

PistaRespuesta% Correcto
CapitalMoscú
99%
El actual presidenteVladimir Putin
97%
Capital antes de 1918San Petersburgo
79%
Los objetos de la bandera soviéticaMartillo
77%
El nombre comunista de esa ciudadLeningrado
77%
Cordilleras que dividen Asia y EuropaUrales
77%
La vasta región oriental de RusiaSiberia
77%
El equivalente soviético de la CIAKGB
75%
El conquistador que fracasó en la conquista de Rusia en 1812Napoleón
73%
Los objetos de la bandera soviéticaHoz
73%
El "terrible" zarIván IV
72%
Los objetos de la bandera soviéticaEstrella
66%
Nombre de los campos de prisioneros soviéticosGulag
66%
Residencia oficial del PresidenteKremlin de Moscú
65%
La batalla del "punto de inflexión" en la Segunda Guerra MundialBatalla de Stalingrado
63%
El primer satélite en orbitar la TierraSputnik
61%
El río más largo de la Rusia europeaVolga
61%
Mar que bordea SochiMar Negro
61%
Autor de Guerra y PazLeón Tolstói
55%
La primera persona en orbitar la TierraYuri Gagarin
55%
Ballet de Navidad de TchaikovskyEl Cascanueces
49%
El arma de fuego rusa más famosaAK-47
45%
La mayor ciudad rusa que toca el Océano PacíficoVladivostok
44%
Los "grandes" zaresPedro
42%
El pescado utilizado para el caviar tradicionalEsturión
40%
Cordilleras que dividen Asia y EuropaCáucaso
40%
Los "grandes" zaresCatalina II
36%
El teatro de ballet más famosoTeatro Bolshói
35%
La montaña más altaElbrús
31%
Caldera metálica para hacer téSamovar
20%

Distribución de puntuación

Porcentaje por número respondido

Porcentaje de gente con cada puntuación

Historial de tus puntuaciones

No has tomado esta prueba